| 000 | 005920000a22002050004500 | ||
|---|---|---|---|
| 999 |
_c49144 _d49144 |
||
| 001 | 1994 | ||
| 003 | CO-MdFUSB | ||
| 005 | 20180711134808.0 | ||
| 008 | 180711b xxu||||| |||| 00| 0 eng d | ||
| 020 | _a978-9974-8054-8-4 | ||
| 040 | _cCO-MdBIC | ||
| 082 | 0 | 4 | _a868HC P82pc |
| 100 | 1 | _aMeesukhon Patcharee | |
| 245 | 1 | 0 | _a¿Por qué tenemos cuerpostan distintos? / Patcharee Meesukhon y Suppalak Phoonsinbooranakul |
| 260 | _aMontevideo - R. O. Uruguay : Latinbooks | ||
| 300 | _a24 P. | ||
| 500 | _aPara niños mayores de 3 años | ||
| 650 | 1 | 4 | _aPreguntas y respuestas |
| 942 | _cLGB | ||